| 000 | 00493nam a2200169Ia 4500 | ||
|---|---|---|---|
| 003 | GCL | ||
| 005 | 20240530103647.0 | ||
| 008 | 140319s9999 xx 000 0 ara d | ||
| 040 |
_aGCL / _cGCL |
||
| 082 | 0 | 4 |
_a658.4529 _bف ا |
| 100 | 1 | _aنادر احمد ابوشيخة | |
| 245 | 1 | 0 |
_aادارة الوقت / _cنادر احمد ابوشيخة |
| 260 |
_aعمان : _bدار مجدلاوى ، _c1991 |
||
| 300 |
_a249 ص ؛ _c24 سم |
||
| 650 | 0 | 4 | _aادارة الوقت |
| 942 |
_2ddc _cBK |
||
| 999 |
_c41481 _d41481 |
||